000 00686ntaaa2200205 4500
003 01
005 20251027200808.0
008 0714s1973 ag 01
040 _aAR-BaBN
_bspa
_cAR-BaBN
_eaacr
_dRIC
082 _a789.51 D49f
100 _aDevoto, Alberto
_94289
245 _aLa flauta dulce /
_cAlberto Devoto
250 _a1 ed.
260 _aBuenos Aires :
_bDaian,
_c1978
300 _a21 p
500 _aLa presente edición fue realizada en colaboración con el CVonservatorio Fracssi y la sociedad Argentina de flauta dulce.Breve descripción e historia del instrumento.libro perdido y repuesto 9/89
650 _aMusica
650 _aMusica-Instrumentos
_93588
942 _cBK
999 _c2143
_d2143